[Event "Dubai op"]
[Site "Dubai"]
[Date "2000.05.04"]
[Round "6"]
[White "Guseinov, Aidyn"]
[Black "Othman, A Moussa"]
[Result "1-0"]
[WhiteElo "2492"]
[BlackElo "2315"]
[PlyCount "39"]
[EventDate "2000.04.28"]
[EventType "swiss"]
[EventRounds "9"]
[EventCountry "UAE"]
[SourceTitle "EXT 2001"]
[Source "ChessBase"]
[SourceDate "2000.11.22"]
[SourceVersion "1"]
[SourceVersionDate "2000.11.22"]
[SourceQuality "1"]

1. e4 d6 2. d4 Nf6 3. Nc3 g6 4. Nf3 Bg7 5. Be3 c6 6. Qe2 0-0 7. 0-0-0 Qa5 8. Kb1 b5 9. e5 dxe5 10. dxe5 Ng4 11. Bg5 b4 12. Ne4 Be6 13. b3 Nxe5 14. Bxe7 Nxf3 15. Qxf3 Qe5 16. Nf6+ Kh8 17. Bd6 Qa5 18. Bxf8 Bxf8 19. Ne4 Bf5 20. Qe2 1-0

[Event "Dubai op"]
[Site "Dubai"]
[Date "2000.05.02"]
[Round "5"]
[White "Ibragimov, Ildar"]
[Black "Guseinov, Aidyn"]
[Result "1-0"]
[WhiteElo "2611"]
[BlackElo "2492"]
[PlyCount "109"]
[EventDate "2000.04.28"]
[EventType "swiss"]
[EventRounds "9"]
[EventCountry "UAE"]
[SourceTitle "EXT 2001"]
[Source "ChessBase"]
[SourceDate "2000.11.22"]
[SourceVersion "1"]
[SourceVersionDate "2000.11.22"]
[SourceQuality "1"]

1. Nf3 Nf6 2. c4 g6 3. Nc3 Bg7 4. e4 d6 5. d4 0-0 6. h3 e5 7. d5 a5 8. Bg5 Na6 9. a3 Bd7 10. Nd2 Qe8 11. g4 h6 12. Be3 a4 13. Be2 Nc5 14. h4 Nh7 15. Qc2 f5 16. gxf5 gxf5 17. Bxc5 dxc5 18. exf5 e4 19. Ncxe4 Bxf5 20. 0-0-0 Ra6 21. Bd3 Rb6 22. Rhg1 Kh8 23. Nc3 Bxd3 24. Qxd3 Rbf6 25. Rde1 Qf7 26. Nxa4 b6 27. f3 Rf4 28. Re4 h5 29. Nc3 Rf5 30. Re6 Rf4 31. Re4 Rf5 32. Qe2 Bf6 33. Kc2 Rd8 34. Re1 Nf8 35. Nf1 Bxc3 36. bxc3 Rxf3 37. Nd2 Rf2 38. Qe3 Rd6 39. Re7 Qf5+ 40. Qd3 Qf4 41. R7e4 Qh2 42. R1e2 Ng6 43. Nf3 Rxe2+ 44. Rxe2 Qf4 45. Qe4 Rf6 46. Ng5 Qf1 47. Kb3 Kg7 48. Ne6+ Kh7 49. Rg2 Rf5 50. Ka4 Nxh4 51. Rg5 Kh6 52. Qxh4 Qd1+ 53. Kb5 Qb3+ 54. Kc6 Qa4+ 55. Kb7 1-0

[Event "Dubai op"]
[Site "Dubai"]
[Date "2000.04.29"]
[Round "2"]
[White "Sakaev, Konstantin"]
[Black "Guseinov, Aidyn"]
[Result "1-0"]
[WhiteElo "2625"]
[BlackElo "2490"]
[PlyCount "77"]
[EventDate "2000.04.28"]
[EventType "swiss"]
[EventRounds "9"]
[EventCountry "UAE"]
[SourceTitle "CBM 077"]
[Source "ChessBase"]
[SourceDate "2000.07.27"]
[SourceVersion "1"]
[SourceVersionDate "2000.07.27"]
[SourceQuality "1"]

1. d4 d5 2. c4 e6 3. Nf3 c5 4. cxd5 exd5 5. g3 Nc6 6. Bg2 c4 7. 0-0 Bb4 8. b3 cxb3 9. Qxb3 Nge7 10. Bd2 Bxd2 11. Nbxd2 0-0 12. Rfc1 b6 13. Qa3 Bf5 14. e3 Qb8 15. Ne5 Nxe5 16. Qxe7 Nd3 17. Rc3 a5 18. Bxd5 Ra7 19. Qg5 Bg6 20. Be4 Nb4 21. a3 Na6 22. Bxg6 hxg6 23. Rb1 Rb7 24. Qb5 Nc7 25. Qc6 Rd8 26. Rcb3 Nd5 27. Qb5 Qc8 28. R1b2 Rc7 29. Kg2 Rc6 30. Nf3 Rc1 31. Qd3 a4 32. Rb5 Rc3 33. Qe4 Qc6 34. Ng5 Rd6 35. Rc5 Rxc5 36. dxc5 f5 37. Qc4 Kf8 38. e4 fxe4 39. Rxb6 1-0

[Event "Dubai op"]
[Site "Dubai"]
[Date "2000.04.28"]
[Round "1"]
[White "Somev, Abdo"]
[Black "Guseinov, Aidyn"]
[Result "0-1"]
[WhiteElo "2117"]
[BlackElo "2492"]
[PlyCount "64"]
[EventDate "2000.04.28"]
[EventType "swiss"]
[EventRounds "9"]
[EventCountry "UAE"]
[SourceTitle "EXT 2001"]
[Source "ChessBase"]
[SourceDate "2000.11.22"]
[SourceVersion "1"]
[SourceVersionDate "2000.11.22"]
[SourceQuality "1"]

1. e4 d6 2. d4 Nf6 3. Bd3 Nc6 4. c3 e5 5. d5 Ne7 6. Ne2 g6 7. 0-0 Bg7 8. Bd2 0-0 9. Qc1 Nd7 10. Bh6 f5 11. Bxg7 Kxg7 12. f3 f4 13. c4 g5 14. g4 Ng6 15. h3 h5 16. Nd2 Nf6 17. Nc3 Rh8 18. Be2 hxg4 19. hxg4 Rh3 20. Kg2 Rg3+ 21. Kf2 c6 22. Rh1 Qb6+ 23. Ke1 Nh4 24. Nf1 Rxf3 25. Bxf3 Nxf3+ 26. Kd1 Qf2 27. Nd2 Nd4 28. Qb1 Bxg4+ 29. Kc1 Rh8 30. Rf1 Qe3 31. Nd1 Bxd1 32. Rxd1 Rh3 0-1

[Event "AZE-ch"]
[Site "Baku"]
[Date "2000.??.??"]
[Round "?"]
[White "Gashimov, Vugar"]
[Black "Guseinov, Aidyn"]
[Result "1/2-1/2"]
[WhiteElo "2426"]
[BlackElo "2492"]
[PlyCount "37"]
[EventDate "2000.??.??"]
[EventType "tourn"]
[EventRounds "10"]
[EventCountry "AZE"]
[EventCategory "6"]
[SourceTitle "EXT 2002"]
[Source "ChessBase"]
[SourceDate "2001.11.25"]
[SourceVersion "1"]
[SourceVersionDate "2001.11.25"]
[SourceQuality "1"]

1. e4 e6 2. d4 d5 3. Nc3 Bb4 4. e5 c5 5. a3 Bxc3+ 6. bxc3 Ne7 7. a4 Nbc6 8. Nf3 Qa5 9. Bd2 Bd7 10. Bb5 a6 11. Bxc6 Bxc6 12. 0-0 h6 13. Qe1 Qc7 14. dxc5 Qd7 15. Nd4 Bxa4 16. f4 Bc6 17. Qg3 Nf5 18. Qh3 g6 19. g4 1/2-1/2

[Event "AZE-ch"]
[Site "Baku"]
[Date "2000.??.??"]
[Round "?"]
[White "Guseinov, Aidyn"]
[Black "Dovliatov, Sanan"]
[Result "1-0"]
[WhiteElo "2492"]
[BlackElo "2327"]
[PlyCount "113"]
[EventDate "2000.??.??"]
[EventType "tourn"]
[EventRounds "10"]
[EventCountry "AZE"]
[EventCategory "6"]
[SourceTitle "EXT 2002"]
[Source "ChessBase"]
[SourceDate "2001.11.25"]
[SourceVersion "1"]
[SourceVersionDate "2001.11.25"]
[SourceQuality "1"]

1. d4 d6 2. Nf3 f5 3. g3 Nf6 4. Bg2 g6 5. b3 Bg7 6. Bb2 0-0 7. 0-0 Qe8 8. d5 c5 9. c4 Na6 10. Nc3 Nc7 11. a4 b6 12. Qd2 h6 13. Rfe1 g5 14. e4 fxe4 15. Nxe4 Qg6 16. Nc3 Qe8 17. Qe2 Rf7 18. h4 g4 19. Nh2 Bf5 20. Nd1 h5 21. Ne3 Bg6 22. f3 gxf3 23. Bxf3 Ne4 24. Nef1 Bxb2 25. Qxb2 Nf6 26. Ne3 Qd7 27. Bg2 Raf8 28. Rf1 Na6 29. Qd2 Nb4 30. Rad1 Ne4 31. Bxe4 Bxe4 32. Rxf7 Rxf7 33. Rf1 Rg7 34. g4 hxg4 35. Rf4 Bh7 36. Rxg4 Nd3 37. Rxg7+ Kxg7 38. Qc3+ Ne5 39. Nhg4 Kf7 40. Nxe5+ dxe5 41. Qxe5 Qh3 42. Qf4+ Ke8 43. Kf2 Bd3 44. Qb8+ Kf7 45. Qg3 Qxg3+ 46. Kxg3 Kf6 47. Kf4 Be2 48. Ng4+ Kg7 49. Nf2 Kf6 50. Ne4+ Kf7 51. Ke5 Bd1 52. Nd2 Ke8 53. Kf5 Kd7 54. Kg5 e6 55. h5 exd5 56. h6 Bc2 57. cxd5 1-0

[Event "AZE-chT rap"]
[Site "Baku"]
[Date "2000.??.??"]
[Round "?"]
[White "Guseinov, Aidyn"]
[Black "Gashimov, Vugar"]
[Result "0-1"]
[WhiteElo "2492"]
[BlackElo "2426"]
[PlyCount "42"]
[EventDate "2000.??.??"]
[EventType "team (rapid)"]
[EventRounds "9"]
[EventCountry "AZE"]
[SourceTitle "EXT 2002"]
[Source "ChessBase"]
[SourceDate "2001.11.25"]
[SourceVersion "1"]
[SourceVersionDate "2001.11.25"]
[SourceQuality "1"]

1. d4 Nf6 2. c4 e6 3. Nc3 Bb4 4. Qc2 c5 5. dxc5 0-0 6. a3 Bxc5 7. Nf3 Nc6 8. Bf4 b6 9. Rd1 Bb7 10. Nb5 Ne8 11. Ng5 g6 12. Ne4 f5 13. Ned6 Nxd6 14. Nxd6 Bc8 15. h4 Qe7 16. e3 e5 17. Bg5 Qg7 18. h5 h6 19. hxg6 Qxg6 20. Bxh6 Bxd6 21. c5 bxc5 0-1

[Event "AZE-ch"]
[Site "Baku"]
[Date "2000.??.??"]
[Round "?"]
[White "Maharramzade, Javad"]
[Black "Guseinov, Aidyn"]
[Result "1/2-1/2"]
[WhiteElo "2423"]
[BlackElo "2492"]
[PlyCount "57"]
[EventDate "2000.??.??"]
[EventType "tourn"]
[EventRounds "10"]
[EventCountry "AZE"]
[EventCategory "6"]
[SourceTitle "EXT 2002"]
[Source "ChessBase"]
[SourceDate "2001.11.25"]
[SourceVersion "1"]
[SourceVersionDate "2001.11.25"]
[SourceQuality "1"]

1. d4 Nf6 2. Nf3 g6 3. c4 Bg7 4. g3 0-0 5. Bg2 d6 6. Nc3 Nc6 7. 0-0 a6 8. d5 Na5 9. Nd2 c5 10. Rb1 Rb8 11. b3 b5 12. Bb2 bxc4 13. bxc4 e5 14. Ba1 Rb4 15. a3 Rxb1 16. Qxb1 Qc7 17. Qc2 Bd7 18. Rb1 Rb8 19. Rxb8+ Qxb8 20. Nd1 Qb6 21. Bc3 Nb7 22. f4 exf4 23. gxf4 Nh5 24. Bxg7 Nxg7 25. e3 Nd8 26. Qc3 f5 27. Bf1 Nf7 28. Bd3 Qd8 29. Nf3 1/2-1/2

[Event "AZE-chT rap"]
[Site "Baku"]
[Date "2000.??.??"]
[Round "?"]
[White "Zulfugarli, Magomed"]
[Black "Guseinov, Aidyn"]
[Result "0-1"]
[WhiteElo "2479"]
[BlackElo "2492"]
[PlyCount "44"]
[EventDate "2000.??.??"]
[EventType "team (rapid)"]
[EventRounds "9"]
[EventCountry "AZE"]
[SourceTitle "EXT 2002"]
[Source "ChessBase"]
[SourceDate "2001.11.25"]
[SourceVersion "1"]
[SourceVersionDate "2001.11.25"]
[SourceQuality "1"]

1. e4 e6 2. d4 d5 3. Nc3 Bb4 4. e5 c5 5. a3 Bxc3+ 6. bxc3 Ne7 7. a4 Nbc6 8. Nf3 Qa5 9. Qd2 b6 10. Bd3 Ba6 11. dxc5 bxc5 12. 0-0 0-0 13. Ba3 Bxd3 14. cxd3 Rfb8 15. Qe3 d4 16. Qe4 dxc3 17. Ng5 g6 18. Qf3 Rf8 19. Qh3 h5 20. g4 Nd4 21. gxh5 Ne2+ 22. Kh1 Nf4 0-1

[Event "Dubai op"]
[Site "Dubai"]
[Date "1999.05.04"]
[Round "4"]
[White "Labib, Ibrahim Hasan"]
[Black "Guseinov, Aidyn"]
[Result "0-1"]
[WhiteElo "2405"]
[BlackElo "2513"]
[PlyCount "106"]
[EventDate "1999.05.??"]
[EventType "swiss"]
[EventRounds "9"]
[EventCountry "UAE"]
[SourceTitle "CBM 070 Extra"]
[Source "ChessBase"]
[SourceDate "1999.07.10"]
[SourceVersion "1"]
[SourceVersionDate "1999.07.10"]
[SourceQuality "1"]

1. d4 Nf6 2. c4 e6 3. Nf3 c5 4. d5 exd5 5. cxd5 d6 6. Nc3 g6 7. h3 Bg7 8. e4 0-0 9. Bb5 Na6 10. 0-0 Nc7 11. a4 b6 12. Bf4 Bb7 13. Bc4 Nce8 14. e5 dxe5 15. Nxe5 Nd6 16. Ba2 Rc8 17. Qd3 Nf5 18. Rad1 Nd4 19. d6 Nh5 20. Nxf7 Rxf7 21. Qc4 Qf6 22. Bg5 Nf3+ 23. gxf3 Qxg5+ 24. Qg4 Bf6 25. Ne4 Qxg4+ 26. hxg4 Bxe4 27. fxe4 Nf4 28. e5 Bxe5 29. Rfe1 Bf6 30. Re4 g5 31. d7 Rd8 32. a5 Kf8 33. Bxf7 Kxf7 34. axb6 axb6 35. Rd6 b5 36. b3 Be7 37. Rd1 h6 38. Kf1 Bf8 39. Rd2 Bg7 40. Rd6 Bf6 41. Rd1 b4 42. Rd6 Bg7 43. Kg1 Bf8 44. Rd1 Ne6 45. Rd5 Bg7 46. Rd6 Nf8 47. Rd5 Nxd7 48. Kg2 Nf6 49. Rxd8 Nxe4 50. Rd7+ Kg6 51. Kf3 Nc3 52. Ke3 c4 53. bxc4 b3 0-1

[Event "AZE-ch"]
[Site "Azerbaijan"]
[Date "1999.??.??"]
[Round "11"]
[White "Abbasov, Farid"]
[Black "Guseinov, Aidyn"]
[Result "0-1"]
[WhiteElo "2290"]
[BlackElo "2492"]
[PlyCount "64"]
[EventDate "1999.??.??"]
[EventType "tourn"]
[EventRounds "10"]
[EventCountry "AZE"]
[EventCategory "6"]
[SourceTitle "EXT 2001"]
[Source "ChessBase"]
[SourceDate "2000.11.22"]
[SourceVersion "1"]
[SourceVersionDate "2000.11.22"]
[SourceQuality "1"]

1. Nf3 d5 2. d4 e6 3. c4 c5 4. cxd5 exd5 5. Nc3 Nc6 6. g3 c4 7. Bg2 Bb4 8. 0-0 Nge7 9. Ne5 0-0 10. e4 dxe4 11. Nxc6 bxc6 12. Nxe4 Be6 13. a3 Ba5 14. Nc5 Bd5 15. Bh3 Ng6 16. Qh5 Re8 17. Nb7 Qc7 18. Nxa5 Qxa5 19. Bd7 Re1 20. Be3 Rxa1 21. Rxa1 Qb5 22. Qe2 Rb8 23. Rb1 Qb3 24. Bf5 c3 25. Bc1 Bc4 26. Qe1 c2 27. Ra1 Qf3 28. Bxc2 Bd5 29. Kf1 f5 30. Qe3 Qh1+ 31. Ke2 Kf7 32. Kd3 Re8 0-1

[Event "AZE-ch"]
[Site "Azerbaijan"]
[Date "1999.??.??"]
[Round "1"]
[White "Guseinov, Aidyn"]
[Black "Ibrahimov, Rasul"]
[Result "1-0"]
[WhiteElo "2492"]
[BlackElo "2415"]
[PlyCount "105"]
[EventDate "1999.??.??"]
[EventType "tourn"]
[EventRounds "10"]
[EventCountry "AZE"]
[EventCategory "6"]
[SourceTitle "EXT 2001"]
[Source "ChessBase"]
[SourceDate "2000.11.22"]
[SourceVersion "1"]
[SourceVersionDate "2000.11.22"]
[SourceQuality "1"]

1. d4 d5 2. c4 c6 3. Nc3 Nf6 4. Nf3 e6 5. Bg5 h6 6. Bxf6 Qxf6 7. e3 Nd7 8. a3 g6 9. e4 dxe4 10. Nxe4 Qf4 11. Bd3 Bg7 12. 0-0 0-0 13. Re1 e5 14. g3 Qg4 15. Nd6 exd4 16. Re4 Qh3 17. Bf1 Qh5 18. b4 g5 19. h3 Qg6 20. c5 Nf6 21. Ne5 Qxe4 22. Nxe4 Nxe4 23. Nc4 Be6 24. Bd3 Bd5 25. Qc2 Rfe8 26. Re1 Nc3 27. Qd2 Ne4 28. Qc1 Re6 29. Bxe4 Rxe4 30. Rxe4 Bxe4 31. Nd6 Bf3 32. Qc4 Bd5 33. Qe2 b6 34. Nf5 bxc5 35. bxc5 Bf8 36. Qe5 d3 37. Kf1 Bf3 38. Ke1 Rd8 39. Nd6 Bg7 40. Qe3 Bc3+ 41. Kf1 Be2+ 42. Kg2 Bf6 43. Qe4 Bg7 44. Qe7 Rf8 45. f4 gxf4 46. gxf4 Rb8 47. Qxf7+ Kh8 48. Ne8 Ba1 49. f5 d2 50. Qf8+ Kh7 51. Qe7+ Kg8 52. f6 Bf1+ 53. Kh1 1-0

[Event "AZE-ch"]
[Site "Azerbaijan"]
[Date "1999.??.??"]
[Round "4"]
[White "Guseinov, Aidyn"]
[Black "Pavlenko, Oleg"]
[Result "1/2-1/2"]
[WhiteElo "2492"]
[BlackElo "2295"]
[PlyCount "61"]
[EventDate "1999.??.??"]
[EventType "tourn"]
[EventRounds "10"]
[EventCountry "AZE"]
[EventCategory "6"]
[SourceTitle "EXT 2001"]
[Source "ChessBase"]
[SourceDate "2000.11.22"]
[SourceVersion "1"]
[SourceVersionDate "2000.11.22"]
[SourceQuality "1"]

1. d4 Nf6 2. c4 e6 3. Nc3 Bb4 4. Bg5 h6 5. Bh4 c5 6. d5 exd5 7. cxd5 d6 8. e3 0-0 9. Nf3 g5 10. Bg3 Ne4 11. Qc2 Bf5 12. Bd3 Re8 13. Nd2 Bxc3 14. bxc3 Nxg3 15. hxg3 Bxd3 16. Qxd3 Qf6 17. Rb1 b6 18. c4 Nd7 19. g4 Kg7 20. Nf1 Qg6 21. Qc3+ Ne5 22. Rc1 Kh7 23. Ke2 Nxg4 24. f3 Ne5 25. Ng3 f5 26. Qc2 Rf8 27. Rh5 Rf6 28. Rch1 Nf7 29. R5h2 f4 30. Ne4 Qg7 31. Qc3 1/2-1/2

[Event "Ano Liosia op 10th"]
[Site "Athens"]
[Date "1999.??.??"]
[Round "4"]
[White "Guseinov, Aidyn"]
[Black "Ristic, Nenad"]
[Result "0-1"]
[WhiteElo "2513"]
[BlackElo "2432"]
[PlyCount "94"]
[EventDate "1999.01.02"]
[EventType "swiss"]
[EventRounds "9"]
[EventCountry "GRE"]
[SourceTitle "EXT 2000"]
[Source "ChessBase"]
[SourceDate "1999.11.16"]
[SourceVersion "1"]
[SourceVersionDate "1999.11.16"]
[SourceQuality "1"]

1. d4 Nf6 2. c4 c5 3. d5 b5 4. cxb5 a6 5. bxa6 g6 6. Nc3 Bxa6 7. g3 Bg7 8. Bg2 d6 9. Nh3 Nbd7 10. 0-0 0-0 11. Rb1 Qa5 12. Qc2 Rfb8 13. b3 c4 14. Bd2 cxb3 15. axb3 Rc8 16. b4 Qc7 17. b5 Bb7 18. Qb3 Nb6 19. Nf4 Nc4 20. Be1 Nd7 21. Na4 Na5 22. Qd1 Qc2 23. Qxc2 Rxc2 24. Bh3 f5 25. e4 Nc4 26. Rb4 Nde5 27. exf5 g5 28. f6 Bxf6 29. Be6+ Kh8 30. Nh5 Nf3+ 31. Kg2 Ne3+ 32. Kxf3 Nxf1 33. Nxf6 exf6 34. h4 h6 35. Bc3 Kg7 36. Rc4 Nd2+ 37. Bxd2 Rxc4 38. Nb6 Ra3+ 39. Be3 Rb4 40. Bd7 Rab3 41. Bc6 Rxb5 42. Bxb5 Rxb5 43. hxg5 fxg5 44. Ke4 h5 45. Kf5 h4 46. Kg4 Rb4+ 47. Kh3 Kg6 0-1

[Event "Ano Liosia op 10th"]
[Site "Athens"]
[Date "1999.??.??"]
[Round "3"]
[White "Shahtahtinsky, Alekper"]
[Black "Guseinov, Aidyn"]
[Result "0-1"]
[WhiteElo "2334"]
[BlackElo "2513"]
[PlyCount "54"]
[EventDate "1999.01.02"]
[EventType "swiss"]
[EventRounds "9"]
[EventCountry "GRE"]
[SourceTitle "EXT 2000"]
[Source "ChessBase"]
[SourceDate "1999.11.16"]
[SourceVersion "1"]
[SourceVersionDate "1999.11.16"]
[SourceQuality "1"]

1. d4 d6 2. c4 Nf6 3. Nc3 g6 4. e4 Bg7 5. f3 0-0 6. Be3 a6 7. Bd3 Nfd7 8. Nge2 c5 9. h4 Nc6 10. d5 Nce5 11. Nf4 Nxd3+ 12. Nxd3 b5 13. cxb5 axb5 14. Nxb5 c4 15. Nf2 Bxb2 16. 0-0 Qa5 17. Nd4 Bxa1 18. Qxa1 Qxa2 19. Qc1 Qa3 20. Bh6 Qxc1 21. Rxc1 Re8 22. Rxc4 Nc5 23. Rc2 Bd7 24. Nc6 Bxc6 25. dxc6 f6 26. Be3 Rec8 27. Bxc5 Rxc6 0-1

[Event "Olympiad-33"]
[Site "Elista"]
[Date "1998.10.06"]
[Round "8.1"]
[White "Bagheri, Amir"]
[Black "Guseinov, Aidyn"]
[Result "1-0"]
[WhiteElo "2405"]
[BlackElo "2510"]
[PlyCount "127"]
[EventDate "1998.09.29"]
[EventType "team-swiss"]
[EventRounds "13"]
[EventCountry "RUS"]
[SourceTitle "CBM 068"]
[Source "ChessBase"]
[SourceDate "1999.02.01"]
[SourceVersion "1"]
[SourceVersionDate "1999.02.01"]
[SourceQuality "1"]
[WhiteTeam "Iran"]
[BlackTeam "Azerbaijan"]
[WhiteTeamCountry "IRI"]
[BlackTeamCountry "AZE"]

1. d4 c5 2. c3 e6 3. Nf3 d5 4. Bf4 Nc6 5. e3 Nf6 6. Nbd2 Bd6 7. dxc5 Bxc5 8. Bd3 0-0 9. 0-0 Nh5 10. Bg5 f6 11. Bh4 e5 12. b4 Bd6 13. b5 Ne7 14. Nxe5 fxe5 15. Qxh5 e4 16. Bc2 Rf5 17. Qd1 Qc7 18. Bg3 Bxg3 19. hxg3 Rg5 20. c4 Bg4 21. Qb1 Be2 22. cxd5 Bxf1 23. d6 Qa5 24. Nxe4 Rxb5 25. Bb3+ Kh8 26. dxe7 Re5 27. Nd6 Rxe7 28. Qxf1 Rf8 29. Rc1 Qa3 30. Nf5 Re5 31. Nd4 a5 32. Nf3 Rc5 33. Rxc5 Qxc5 34. Qc4 Qxc4 35. Bxc4 a4 36. Nd4 Rc8 37. Bd5 Rc1+ 38. Kh2 b5 39. g4 g5 40. Kg3 Kg7 41. Kf3 b4 42. Ke4 Kf6 43. g3 Rf1 44. f4 Rf2 45. Kd3 b3 46. axb3 a3 47. b4 a2 48. Bxa2 Rxa2 49. e4 Rg2 50. e5+ Kf7 51. Nf5 Ke6 52. b5 gxf4 53. gxf4 Rxg4 54. Ke4 h5 55. b6 Rg8 56. b7 Rb8 57. Nd6 h4 58. Kf3 Rg8 59. Nc8 Rg3+ 60. Ke4 Rb3 61. f5+ Kd7 62. e6+ Kc7 63. e7 Rb1 64. Kf4 1-0

[Event "Olympiad-33"]
[Site "Elista"]
[Date "1998.10.05"]
[Round "7.1"]
[White "Guseinov, Aidyn"]
[Black "Pihlajasalo, Antti"]
[Result "1/2-1/2"]
[WhiteElo "2510"]
[BlackElo "2450"]
[PlyCount "89"]
[EventDate "1998.09.29"]
[EventType "team-swiss"]
[EventRounds "13"]
[EventCountry "RUS"]
[SourceTitle "CBM 068"]
[Source "ChessBase"]
[SourceDate "1999.02.01"]
[SourceVersion "1"]
[SourceVersionDate "1999.02.01"]
[SourceQuality "1"]
[WhiteTeam "Azerbaijan"]
[BlackTeam "Finland"]
[WhiteTeamCountry "AZE"]
[BlackTeamCountry "FIN"]

1. d4 d5 2. c4 e6 3. Nc3 Be7 4. cxd5 exd5 5. Bf4 Nf6 6. e3 0-0 7. Bd3 c5 8. Nf3 Nc6 9. dxc5 Bxc5 10. 0-0 d4 11. Ne4 Nxe4 12. Bxe4 dxe3 13. Bxh7+ Kxh7 14. Qc2+ Kg8 15. Qxc5 e2 16. Rfe1 Bg4 17. Rxe2 Bxf3 18. gxf3 Nd4 19. Re4 Nxf3+ 20. Kh1 Qf6 21. Qe3 Nh4 22. Be5 Qc6 23. Rc1 Qd5 24. Qd4 Qxd4 25. Bxd4 Nf5 26. Bc3 f6 27. Rb4 Rf7 28. Rd1 Rb8 29. Rd5 Ne7 30. Rd6 Nf5 31. Rd5 Ne7 32. Rh5 Rff8 33. a4 Kf7 34. a5 Nc6 35. Rg4 Rh8 36. Rb5 Rhd8 37. Rc4 Rd6 38. Kg2 Re6 39. Bd2 Ne5 40. Rcb4 Re7 41. Rb3 a6 42. R5b4 Nc6 43. Rb6 Nd4 44. R3b4 Nb5 45. Rc4 1/2-1/2

[Event "Olympiad-33"]
[Site "Elista"]
[Date "1998.10.02"]
[Round "4.1"]
[White "Kengis, Edvins"]
[Black "Guseinov, Aidyn"]
[Result "1/2-1/2"]
[WhiteElo "2570"]
[BlackElo "2510"]
[PlyCount "35"]
[EventDate "1998.09.29"]
[EventType "team-swiss"]
[EventRounds "13"]
[EventCountry "RUS"]
[SourceTitle "CBM 068"]
[Source "ChessBase"]
[SourceDate "1999.02.01"]
[SourceVersion "1"]
[SourceVersionDate "1999.02.01"]
[SourceQuality "1"]
[WhiteTeam "Latvia"]
[BlackTeam "Azerbaijan"]
[WhiteTeamCountry "LAT"]
[BlackTeamCountry "AZE"]

1. Nf3 Nf6 2. c4 e6 3. Nc3 c5 4. g3 b6 5. Bg2 Bb7 6. 0-0 Be7 7. Re1 d6 8. e4 Nc6 9. d4 cxd4 10. Nxd4 Nxd4 11. Qxd4 0-0 12. b3 Qc7 13. Bb2 a6 14. Rac1 Rab8 15. h3 Ba8 16. Re2 Qb7 17. a4 Qc8 18. Rd1 1/2-1/2

[Event "Olympiad-33"]
[Site "Elista"]
[Date "1998.10.01"]
[Round "3.1"]
[White "Adams, Michael"]
[Black "Guseinov, Aidyn"]
[Result "1/2-1/2"]
[WhiteElo "2715"]
[BlackElo "2510"]
[PlyCount "73"]
[EventDate "1998.09.29"]
[EventType "team-swiss"]
[EventRounds "13"]
[EventCountry "RUS"]
[SourceTitle "CBM 068"]
[Source "ChessBase"]
[SourceDate "1999.02.01"]
[SourceVersion "1"]
[SourceVersionDate "1999.02.01"]
[SourceQuality "1"]
[WhiteTeam "England"]
[BlackTeam "Azerbaijan"]
[WhiteTeamCountry "ENG"]
[BlackTeamCountry "AZE"]

1. e4 c6 2. d4 d5 3. Nd2 dxe4 4. Nxe4 Bf5 5. Ng3 Bg6 6. Nf3 Nf6 7. h4 h6 8. Ne5 Bh7 9. c3 e6 10. Bc4 Bd6 11. Bf4 Nbd7 12. Nh5 Nxh5 13. Qxh5 Bxe5 14. dxe5 Qe7 15. 0-0-0 Nb6 16. Bd3 Nd5 17. Bxh7 Rxh7 18. Bd2 Qc5 19. Qe2 0-0-0 20. h5 Rhh8 21. Kb1 Nb6 22. Rh4 Rd7 23. Re1 Qd5 24. Bc1 Qxg2 25. Rg4 Qh3 26. Rg5 g6 27. Rxg6 Qf5+ 28. Ka1 Rd5 29. Rg7 Rd3 30. c4 Qxh5 31. Qe4 Rdd8 32. Be3 Kb8 33. Qh1 Nc8 34. Bg5 f6 35. Bxf6 Rdg8 36. Rxg8 Ka8 37. c5 1/2-1/2

[Event "AZE-ch"]
[Site "Baku"]
[Date "1998.??.??"]
[Round "?"]
[White "Guliev, Sarhan"]
[Black "Guseinov, Aidyn"]
[Result "0-1"]
[WhiteElo "2445"]
[BlackElo "2475"]
[PlyCount "120"]
[EventDate "1998.??.??"]
[EventType "tourn"]
[EventRounds "10"]
[EventCountry "AZE"]
[SourceTitle "EXT 2002"]
[Source "ChessBase"]
[SourceDate "2001.11.25"]
[SourceVersion "1"]
[SourceVersionDate "2001.11.25"]
[SourceQuality "1"]

1. d4 Nf6 2. c4 e6 3. Nc3 Bb4 4. e3 0-0 5. Nge2 d5 6. a3 Be7 7. cxd5 exd5 8. g3 c6 9. Bg2 Na6 10. 0-0 Nc7 11. f3 Re8 12. e4 dxe4 13. fxe4 c5 14. d5 Ng4 15. Nf4 c4 16. Qe2 Bc5+ 17. Kh1 Ne5 18. Be3 Qd6 19. h3 Bd7 20. Rad1 Na6 21. Nh5 Qg6 22. Bxc5 Nxc5 23. d6 Ncd3 24. Nd5 Qxd6 25. Qe3 Kh8 26. g4 Bxg4 27. hxg4 Nxg4 28. Qg3 Qxg3 29. Nxg3 Ngf2+ 30. Kg1 Nxd1 31. Rxd1 Rac8 32. Rd2 g6 33. Bf1 Ne5 34. Bg2 Kg7 35. Ne2 Rc5 36. Nec3 b5 37. Kf2 Ng4+ 38. Kf3 h5 39. Bh3 Ne5+ 40. Ke3 a6 41. Rg2 Rc6 42. Kd4 f6 43. Nb4 Rd6+ 44. Kc5 Red8 45. Ncd5 a5 46. Ne7 Rd2 47. Nbd5 Rxg2 48. Bxg2 Rb8 49. Bf1 Nd3+ 50. Kd4 Nxb2 51. Nc6 Ra8 52. Nb6 Ra6 53. Kc5 b4 54. axb4 axb4 55. Nxc4 Ra1 56. Be2 Nxc4 57. Bxc4 h4 58. e5 fxe5 59. Nxe5 h3 60. Nf3 Ra3 0-1

[Event "AZE-ch"]
[Site "Baku"]
[Date "1998.??.??"]
[Round "?"]
[White "Guseinov, Aidyn"]
[Black "Maharramzade, Javad"]
[Result "1/2-1/2"]
[WhiteElo "2475"]
[BlackElo "2430"]
[PlyCount "140"]
[EventDate "1998.??.??"]
[EventType "tourn"]
[EventRounds "10"]
[EventCountry "AZE"]
[SourceTitle "EXT 2002"]
[Source "ChessBase"]
[SourceDate "2001.11.25"]
[SourceVersion "1"]
[SourceVersionDate "2001.11.25"]
[SourceQuality "1"]

1. d4 Nf6 2. c4 e6 3. Nc3 Bb4 4. Qc2 c5 5. dxc5 0-0 6. a3 Bxc5 7. Nf3 Nc6 8. Bg5 Nd4 9. Nxd4 Bxd4 10. e3 Qa5 11. exd4 Qxg5 12. Qd2 Qxd2+ 13. Kxd2 b6 14. f3 Bb7 15. b4 d6 16. Bd3 Rfc8 17. a4 a5 18. Rhb1 Bc6 19. bxa5 bxa5 20. Rb6 Kf8 21. Nb5 Nd7 22. Rxc6 Rxc6 23. Be4 Rac8 24. Bxc6 Rxc6 25. Kd3 Nb6 26. Nxd6 Rxd6 27. c5 Rc6 28. cxb6 Rxb6 29. Rc1 Rb2 30. g4 Ra2 31. Rc4 Ke7 32. h4 Kd6 33. Ke4 h6 34. h5 Re2+ 35. Kd3 Ra2 36. Ke4 Re2+ 37. Kd3 Ra2 38. Ke4 Ra3 39. Kf4 Rd3 40. Ke4 Ra3 41. Kf4 g6 42. hxg6 fxg6 43. Ke4 g5 44. Rc8 Rxa4 45. Rd8+ Ke7 46. Rh8 Ra1 47. Rxh6 a4 48. Rh7+ Kd6 49. Ra7 a3 50. Ra6+ Ke7 51. Kd3 a2 52. Kc2 Rf1 53. Rxa2 Rf2+ 54. Kb1 Rxf3 55. Ra5 Kf6 56. d5 Rf4 57. Ra6 Rxg4 58. Rxe6+ Kf5 59. Kc2 Rd4 60. Rd6 g4 61. Kc3 g3 62. Kxd4 g2 63. Re6 g1Q+ 64. Kc4 Qc1+ 65. Kd4 Qc7 66. Rc6 Qa7+ 67. Kc4 Qa1 68. Re6 Kf4 69. Rc6 Ke3 70. Re6+ Kd2 1/2-1/2